Movies Quiz

Random Movies or Musical Quiz
Score 0/26 Timer 08:00
0 Plays Today
Trivia Film % Correct
Actual rejected characters include Awful, Blabby, Dirty, Gloomy and Shifty.Snow White and the Seven Dwarfs
88.7%
The first Disney animated movie to feature an African-American protagonist.The Princess and the Frog
77.3%
The protagonist's baggy pants were animated based on M.C. Hammer's.Aladdin
71.6%
The iconic Disneyland castle is based on the one animated for this film.Sleeping Beauty
71.4%
This movie's storyline was based on Shakespeare's play Hamlet.The Lion King
66.7%
Two gargoyles are named after Victor Hugo; the third, a boogie-woogie singer.The Hunchback of Notre Dame
62%
Over a million bubbles were hand-drawn for this movie... by outsourcing to China.The Little Mermaid
59.8%
There are 6,469,952 black spots in this movie. Yes, someone counted them all.One Hundred and One Dalmatians
54.7%
The four vultures were originally going to be voiced by the Beatles.The Jungle Book
53.5%
It's the only Disney animated movie whose title character doesn't speak.Dumbo
44.5%
It features more Elvis songs than any movie actually starring Elvis.Lilo & Stitch
43.2%
One of its songs kickstarted the music career of Christina Aguilera.Mulan
41.4%
The first instance in which this title character wasn't played by a woman.Peter Pan
32.1%
Trivia Film % Correct
The first Disney movie to have its songs copyrighted and published.Cinderella
31.5%
The two protagonists are the only people in the film who ever wear blue.Beauty and the Beast
26.4%
The only Disney animated movie that clocks in at over two hours long.Fantasia
22.8%
This movie's iconic villain is famous for never appearing on screen.Bambi
22.6%
Extremely-loosely based on historical events that occurred in 1194 CE.Robin Hood
15.1%
It contains Mel Blanc's only voice work for Disney - a single hiccup.Pinocchio
14.4%
The first Disney animated movie to receive a PG rating from the MPAA.The Black Cauldron
11.1%
Oddly enough, it stars the only Disney protagonist with a credit card.Hercules
9%
Had the most-attended movie premiere ever (100,000+ people in Central Park).Pocahontas
7.8%
Based on the second most-dramatized novel of all time, after Dracula.Tarzan
7%
It's based on a short story first published in women's magazine Cosmopolitan.Lady and the Tramp
6.1%
The first draft of its screenplay was co-written with Aldous Huxley.Alice in Wonderland
5.5%
David Mamet called its screenplay the most original he'd read in years.The Emperor's New Groove
3.6%

You're not logged in!

Compare scores with friends on all Sporcle quizzes.
OR
Log In

Sporcle TV

Today on Sporcle TV


Watch our educational content, quiz creation guides, and fun videos on Sporcle TV.

Show Comments

Extras

Top Quizzes Today


Score Distribution

Paid Content

Your Account Isn't Verified!

In order to create a playlist on Sporcle, you need to verify the email address you used during registration. Go to your Sporcle Settings to finish the process.

Report this User

Report this user for behavior that violates our Community Guidelines.

Details: